1724 1246 1529 1581 1511 1901 1828 1578 1147 1565 1927 1242 1599 1629 1082 1559 1575 1761 1892 1420 1604 1411 1864 1783 1959 1596 1709 1760 1258 1177 1766 1145 1542 1444 1248 1835 1184 1284 1234 1059 1415 1077 1494 1432 1225 1092 1346 1331 1144 1320 1640 1245 1401 1873 1596 1829 1589 1135 1743 1836 1177 1960 1166 1410 1066 1704 1886 1531 1478 1923 1336 1086 1657 1007 1790 1368 1771 1489 1618 1248 1631 1390 1901 1804 1324 1453 1478 1584 1761 1534 1434 1517 1229 1141 1907 1530 1342 1053 1841 BCNSPRNW ULIB Ver.6.0+V

เปลี่ยนเป็นภาษาไทย

Change to English
 แสดงรายละเอียดบรรณานุกรม
  กลับหน้าหลัก

Brief Record : Get Marc (ISO 2709) : E-mail record : QR code < ปิดหน้าต่าง
LEADER : 00000nam 2200000uu 4500
001    13399120862
003     ULIB
008    121019s2553||||th 000 0 tha d
020    ^a9786167007298
090    ^aนว.^bฟ319ม
100    ^aฟ้าใส
245    ^aมนต์รักทะเลทราย /^cฟ้าใส
260    ^aกรุงเทพฯ :^blovejung,^c2553
300    ^a233 หน้า
945    ^p0^l0^i17060
999    ^aทศพร เกษรทอง
รายการนี้ยังไม่มีแท็ก
คุณยังไม่ได้ล็อกอิน คุณสามารถมีกิจกรรมร่วมกับเว็บไซต์ได้ แต่ต้องล็อกอินก่อน ::
  ล็อกอิน

รายการสื่อสารสนเทศ

ลำดับที่ ประเภท เลขเรียก/บาร์โค้ด สถานที่ สถานะ
1. นวนิยาย
นวนิยาย
นว. ฟ319ม  
  Barcode: 17060
ห้องสมุดวิทยาเขตสวรรค์ประชารักษ์
►นวนิยาย
บนชั้น
  ขอยืม

รายการใกล้เคียง
    ผู้แต่ง [ฟ้าใส]

BibComment


ยังไม่เคยถูกคอมเมนท์

คอมเมนท์ทรัพยากรรายการนี้
  คอมเมนท์: มนต์รักทะเลทราย ..


 Copyright 2026. Bcnsprnw @Library